Welcome to WEB OPAC of MRSPTU Central Library

Programming in prolog (Record no. 2945)

MARC details
000 -LEADER
fixed length control field 00378nam a2200157Ia 4500
008 - FIXED-LENGTH DATA ELEMENTS--GENERAL INFORMATION
fixed length control field 230711s9999||||xx |||||||||||||| ||und||
041 ## - LANGUAGE CODE
Language code of text/sound track or separate title ENG
082 ## - DEWEY DECIMAL CLASSIFICATION NUMBER
Classification number 5
Item number CL-P
100 ## - MAIN ENTRY--PERSONAL NAME
Personal name Clocksin W.F
245 #0 - TITLE STATEMENT
Title Programming in prolog
260 ## - PUBLICATION, DISTRIBUTION, ETC.
Date of publication, distribution, etc. 2002
Place of publication, distribution, etc. New Delhi
Name of publisher, distributor, etc. Narosa Publishing House
300 ## - PHYSICAL DESCRIPTION
Extent 281
650 ## - SUBJECT ADDED ENTRY--TOPICAL TERM
Topical term or geographic name entry element Computer Engineering
700 ## - ADDED ENTRY--PERSONAL NAME
Personal name Mellish C.S
942 ## - ADDED ENTRY ELEMENTS (KOHA)
Koha item type Book
Holdings
Withdrawn status Lost status Damaged status Not for loan Collection Home library Current library Date acquired Total checkouts Full call number Barcode Date last seen Date last checked out Price effective from Koha item type
          MRSPTU Central Library MRSPTU Central Library   2 5 CL-P 11107 07/28/2025 09/11/2023 08/17/2023 Book
          MRSPTU Central Library MRSPTU Central Library     5 CL-P 11869 08/17/2023   08/17/2023 Book
          MRSPTU Central Library MRSPTU Central Library     5 CL-P 17363 08/17/2023   08/17/2023 Book
          MRSPTU Central Library MRSPTU Central Library     5 CL-P 17364 08/17/2023   08/17/2023 Book
          MRSPTU Central Library MRSPTU Central Library     5 CL-P 17365 08/17/2023   08/17/2023 Book
          MRSPTU Central Library MRSPTU Central Library     5 CL-P 17366 08/17/2023   08/17/2023 Book

Website Designed and Developed by MRSPTU Central Library Team

E-mail Id: librarian@mrsptu.ac.in